000 00408nam a22001697a 4500
005 20160518164742.0
008 160518b xxu||||| |||| 00| 0 eng d
020 _a978-0-07-009153-5
041 _aeng
082 _b3039
100 _aChary. S.N.
_9758
245 _aProduction and Operations Management
260 _aNew Delhi
_bTMH,
_c2009
300 _a1.12
650 _aManagement
_9241
942 _cBK
999 _c1046
_d1046